000 01374nam a2200289 a 4500
001 000005650
003 DO-SdBNP
005 20241016091915.0
007 000005650
008 081212s2008 dr abc 000 0 spa d
020 _a9789945162264
040 _aBPMSU
_bspa
_cBPMSU
082 4 _a929.2
_bG182p 2008
_222
100 1 _aGalván, William
245 1 0 _aPioneros :
_bde agricultores a comerciantes /
_cWilliam Galván ; prólogo Antonio Lluberes.
260 _aSanto Domingo :
_bEditora Búho,
_c2008.
300 _a214 p. :
_bil. , retrs., mapa. ;
_c23 cm.
500 _aIncluye datos biográficos del autor en la solapa de la cubierta
505 0 _tPrólogo /
_r Antonio Lluveres -- I
_tIntroducción y agradecimientos --
_tAños del abuelo --
_tAntes de los 20. Raíces, tabaco y viajes --
_tDe los 20 a los 40. Hijos y cosas de mi abuela --
_tDe los 40 a los 60. El desamparo y vida en Las Terrenas --
_tAños del hijo --
_tNacido para trabajar --
_tEl ventorrillo-pulpería --
_t Años de chófer --
_tComercio y coco --
_t Empresario exportador.
590 _aInventariado, 2024/VM
650 4 _aAgricultura
_xAspectos económicos
_zRepública Dominicana
650 4 _aAgricultores
_zRepública Dominicana
650 4 _aComerciantes dominicanos
700 1 _aLluberes, Antonio
_eprólogo
910 _aVMateo V. Control de calidad BPMSU
942 _2ddc
_cBK
999 _c8064
_d8064